000
00230 a2200097 4500
001
34994
100
_a
Mondey
245
_a
International encyclopedia of Aviation
260
_a
London
_b
Octapus Books Ltd
_c
090
_c
23146
_d
23146
942
_a
NUST-CAE
_c
M
_c
14610
999
_c
270067
_d
270067